| 000 | 00830cam a2200277 a 4500 | ||
|---|---|---|---|
| 001 | 16949135 | ||
| 003 | OSt | ||
| 005 | 20150730103838.0 | ||
| 008 | 110906s2012 paua 000 0 eng | ||
| 010 | _a 2011033345 | ||
| 020 | _a9780811736329 | ||
| 020 | _a0811736326 | ||
| 035 | _a(OCoLC)ocn751248289 | ||
| 040 | _aSEKU | ||
| 042 | _apcc | ||
| 050 | 0 | 0 |
_aTR 724 _b.S9 2012 |
| 100 | 1 |
_aSweet, Tony, _d1949- |
|
| 245 | 1 | 0 |
_aFine art flower photography : _bcreative techniques and the art of observation _cTony Sweet. |
| 250 | _a2nd ed. | ||
| 260 |
_aMechanicsburg, PA : _bStackpole Books, _cc2012. |
||
| 300 |
_aiii, 107 p. : _bcol. ill. ; _c22 cm. |
||
| 500 | _a"Revised and updated to include digital techniques"--Cover. | ||
| 650 | 0 | _aPhotography of plants. | |
| 650 | 0 |
_aFlowers _vPictorial works. |
|
| 942 |
_2lcc _cGEN |
||
| 999 |
_c7742 _d7742 |
||